000 00444nam a2200181Ia 4500
008 151018s9999 xx 000 0 und d
082 _bRBASDV19311
_a891.463
100 _aधुरी ह वी
245 _aदंश
250 _b1
260 _bडिंपल
_c1986
300 _a120
600 _aधुरी ह वी
630 _aदंश
700 _aधुरी ह वी
730 _aदंश
942 _cBOOK
999 _c1019951
_d1019948